00426nam a2200181Ia 4500008004100000020001800041050001400059100002000073245003000093245002000123260001500143260001600158260000900174300001600183300002700199300001000226500000800236170918s9999 xx 000 0 und d a9780545405713 bS543 2012 aSheinkin, Steve aLincoln's grave robbers / cSteve Sheinkin. aNew York : bScholastic, c2012 a214 pages : bcolored illustration ; c19cm. a930